| 000 | 00622nam a2200277Ia 4500 | ||
|---|---|---|---|
| 008 | 210210b2016 xxu||||| |||| 00| 0 eng d | ||
| 020 | _a8121917877 | ||
| 041 | _aeng | ||
| 082 | _a546 PRAA | ||
| 100 | _aPRAKASH (Satya) | ||
| 245 | _aAdvanced inorganic chemistry Vol 2 Ed 18 | ||
| 250 | _a | ||
| 260 |
_aNew Delhi _bS. Chand & Co. Ltd. _c2016 |
||
| 300 | _axiii,656 | ||
| 440 | _a2 | ||
| 650 | _aVol | ||
| 650 | _ainorganic | ||
| 650 | _aEd | ||
| 650 | _achemistry | ||
| 650 | _aAdvanced | ||
| 650 | _a2 | ||
| 650 | _a18 | ||
| 690 | _aInorganic Chemistry | ||
| 700 | _aTULI (G D) | ||
| 906 | _a072269 | ||
| 999 |
_c122287 _d122287 |
||